Economía del crimen
Guardat en:
| Autor principal: | |
|---|---|
| Format: | Llibre |
| Idioma: | espanyol |
| Publicat: |
Ciudad de México
Limusa
2001
|
| Col·lecció: | Colección Reflexión y Análisis
|
| Matèries: | |
| Etiquetes: |
Afegir etiqueta
Sense etiquetes, Sigues el primer a etiquetar aquest registre!
|
MARC
| LEADER | 00000nam a2200000 a 4500 | ||
|---|---|---|---|
| 001 | UCI3838 | ||
| 003 | CL-VaPUC | ||
| 008 | 071130e20010000MX |||||||||||||||||spa|d | ||
| 020 | |a 9681861485 | ||
| 082 | 0 | 4 | |a 364.404 |b ROE |2 21 |
| 100 | 0 | |a Roemer, Andrés |e author |9 525375 | |
| 245 | 1 | 0 | |a Economía del crimen |
| 300 | |a 512 p | ||
| 942 | |c BK | ||
| 945 | |d 20071130 00:00:00 |a jtorresc | ||
| 260 | |a Ciudad de México |b Limusa |c 2001 | ||
| 650 | 0 | |a Delincuencia |9 335739 | |
| 650 | 0 | |a Aspectos económicos |9 255165 | |
| 650 | 0 | |a Historia económica |9 307218 | |
| 650 | 0 | |a Economía política |9 255814 | |
| 650 | 0 | |a Delitos económicos |9 255899 | |
| 650 | 0 | |a Derecho y legislación |9 255077 | |
| 651 | 0 | |a América Latina |9 255027 | |
| 583 | |a last modification |c 20071130 00:00:00 |k Rodrigo Vera | ||
| 490 | 0 | |a Colección Reflexión y Análisis | |
| 999 | |c 327900 |d 327898 | ||
| 952 | |0 0 |1 0 |4 0 |6 364_404000000000000_ROE_2001 |7 0 |8 A |9 411434 |a BIBDER |b BIBDER |d 2019-11-22 |i 4392388 |l 1 |o 364.404 ROE 2001 |p 4392388 |r 2023-01-25 |s 2022-10-18 |w 2019-11-22 |y BK |k DER | ||